000 01296nam a22003497a 4500
003 CSPC
005 20251129111719.0
008 251128c2004 mdusr p 00 0 eng d
022 _21079-2082
040 _aCSPC
_beng
_cCSPC
_drda
245 0 0 _aAJHP American journal of health-system pharmacy.
264 1 _aBethesda, Maryland :
_bAmerican Society of Health- System Pharmacist,
_c2004.
300 _avolumes :
_billustrations ;
_c27 cm.
310 _aSemimonthly.
336 _2rdacontent
_atext
337 _2rdamedia
_aunmediated
338 _2rdacarrier
_avolume
362 _aVolume 61, Number 11 c.1
362 _aVolume 61, Number 11 c.2
362 _aVolume 61, Number 13
362 _aVolume 61, Number 14
362 _aVolume 61, Number 20
490 _aOfficial Journal of the American Society of Health-System Pharmacists.
504 _aIncludes bibliographical references.
521 _aCollege of Health and Sciences CHS
650 _aHospital pharmacies
_xPeriodicals.
_zUnited states
650 _aDrugs
_xPeriodicals.
650 _aChemotheraphy
_xPeriodicals.
700 1 _aTalley C. Richard.,
_eeditor.
942 _2ddc
_n0
_cSERIALS
_kSER
_m2004
999 _c30941
_d30941